Statistics for Homonyms Quiz #2

Click here to take the quiz!

General Stats

  • This quiz has been taken 37,239 times
    (24,008 since last reset)
  • The average score is 12 of 20

Answer Stats

Meaning #1Meaning #2Answer% Correct
SpyTunnel-digging animalMole
81%
Cooling deviceSports enthusiastFan
80%
Spinning toyBestTop
78%
LeaderUnit of lettuceHead
76%
Unit of timeDuelist's assistantSecond
74%
To mimicLarge primateApe
72%
FrostingHockey violationIcing
71%
Golf areaInexperiencedGreen
67%
AverageUnkindMean
66%
Type of fruitRomantic meetingDate
61%
Seller of stolen goodsTo fight with swordsFence
59%
Place for artTheater seating areaGallery
58%
ExpensiveOpening to a letterDear
53%
Type of birdCowardChicken
52%
Piece of landTo conspirePlot
51%
To long forType of treePine
46%
Certain cattleTo maneuver a vehicleSteer
46%
Runner's starting pointCon man's targetMark
42%
Papal edictOptimistic investorBull
37%
To fireTo plunderSack
27%

Score Distribution

Percentile by Number Answered

Percent of People with Each Score

Your Score History

You have not taken this quiz since the last reset